Justicia del Consumidor : nuevo régimen de la Ley 26.993 /
Guardado en:
| Autor Principal: | |
|---|---|
| Otros Autores: | |
| Formato: | Libro |
| Idioma: | Spanish |
| Publicado: |
Santa Fe :
Rubinzal Culzoni,
2014.
|
| Edición: | 1a. ed. |
| Materias: | |
| Etiquetas: |
Agregar Etiqueta
Sin Etiquetas, Sea el primero en etiquetar este registro!
|
| LEADER | 00744nam a22001935a 4500 | ||
|---|---|---|---|
| 001 | DER.der013041 | ||
| 008 | 180615s2014####ag#||||||||||||||#||spa|| | ||
| 005 | 20250822132323.0 | ||
| 245 | 1 | 0 | |a Justicia del Consumidor : |b nuevo régimen de la Ley 26.993 / |c Javier H. Wajntraub, prólogo de Rodolfo J. Urtubey. |
| 250 | |a 1a. ed. | ||
| 260 | |a Santa Fe : |b Rubinzal Culzoni, |c 2014. | ||
| 300 | |a 368 p. | ||
| 501 | |a El proceso de pequeñas causas en el campo del derecho al consumo por Enrique M. Falcón. | ||
| 020 | |a 9789873005213 | ||
| 100 | 1 | |a Wajntraub, Javier H. | |
| 700 | 1 | |a Urtubey, Rodolfo J., |e prol. | |
| 650 | 7 | |a DERECHO DEL CONSUMIDOR | |
| 859 | |a DERECHO |b BIB. DERECHO |h 343.071 |i WAJ |p 007897 | ||
| 859 | |a DERECHO |b BIB. DERECHO |h 343.071 |i WAJ |p 009210 |t 1 | ||
